000 00797nam a22002057a 4500
999 _c11591
_d11591
003 AR-CdUCM
008 190404b ||||| |||| 00| 0 spa d
040 _aMUNICIPALIDAD PROVINCIAL DEL CUSCO
_cBIBLIOTECA MUNICIPAL DEL CUSCO
082 _a923.5 /
_bM79 / 1918
100 _aGuinassi Moran, Alfredo
_929026
245 _aGeneral Trinidad Morán 1796 a 1854 :
_bEstudios históricos y biográficos /
260 _aArequipa :
_bCaceres,
_c1918.
300 _a264 páginas ;
_c22 cm.
505 _aContenido : Mis ideas y mis propósitos -- Páginas históricas y biográficas -- La gran Colombia -- Campaña sobre Nueva Granada su Liberación ...
650 _aBiografías
_9148
650 _aHistorias
_92725
650 _aArequipa
_91703
942 _2ddc
_cLIBROS
945 _arah
_d04/04/2019